| 000 | 01739cam a2200373 i 4500 | ||
|---|---|---|---|
| 003 | SA-RiAUC | ||
| 005 | 20260106142133.0 | ||
| 008 | 251125s1969 ua g d f00010 ara c | ||
| 024 | 0 | _a00000000020153 | |
| 040 |
_aSA-JeALM _bara _cSA-RiAUC _dAE-Fuphi _erda |
||
| 050 | 4 | _b.T3325 1969 | |
| 082 | 0 | 4 |
_a189.1 _qSA-RiAUC |
| 090 |
_a189.1 _bغ ز ا |
||
| 100 | 1 |
_aالغزالي، محمد بن محمد بن محمد، _cحجة الإسلام، _d450-505 هجري _eمؤلف. |
|
| 245 | 1 | 0 |
_aمنطق تهافت الفلاسفة، المسمى، معيار العلم / _cأبو حامد محمد بن محمد بن محمد بن أحمد الطوسي الغزالي ؛ تحقيق الدكتور سليمان دنيا. |
| 246 | 3 | 0 | _aمنطق تهافت الفلاسفة |
| 246 | 3 | 1 | _aMantiq tahafot al falāsifa, miyar al ilm |
| 246 | 3 | 3 | _aمعيار العلم |
| 250 | _aالطبعة الثانية. | ||
| 264 | 1 |
_aالقاهرة : _bدار المعارف، _c1969 |
|
| 300 |
_a400 صفحة ؛ _c25 × 18 سم. |
||
| 336 |
_aنص _btxt _2rdacontent _3كتاب |
||
| 337 |
_aبدون وسيط _bn _2rdamedia |
||
| 338 |
_aمجلد _bnc _2rdacarrier |
||
| 490 | 0 |
_aذخائر العرب ؛ _v32 |
|
| 500 | _aتوجد ملاحظات من الشيخ في داخل الكتاب. | ||
| 650 | 7 |
_aالفلسفة الإسلامية _2aucsh |
|
| 650 | 7 |
_aالمنطق _2aucsh |
|
| 650 | 7 |
_aالاستدلال _2aucsh |
|
| 700 | 1 |
_aدنيا، سليمان، _d1910-1988 _eمحقق. |
|
| 700 | 1 | 2 |
_iتحقيق لـ (عمل) : _aالغزالي، محمد بن محمد بن محمد، _cحجة الإسلام، _d450-505 هجري. _tتهافت الفلاسفة |
| 942 |
_2ddc _cBOOK _n0 |
||
| 949 |
_aSA-JeALM _d251125 _umohamedma123 _n1 |
||
| 999 |
_c13938 _d13938 |
||